| 000 | 00518nam a2200181Ia 4500 | ||
|---|---|---|---|
| 003 | SGT | ||
| 020 | _a9788126521517 | ||
| 082 |
_a621.382 _bHAY |
||
| 100 | _aHaykin,Simon | ||
| 245 | _aCommunication systems | ||
| 250 | _a5th . Ed. | ||
| 260 |
_bWiley India Pvt. Ltd. _aN.Delhi _c2011 |
||
| 300 | _a422p. | ||
| 650 | _aELECTRONIC ENGINEERING | ||
| 653 | _aPROLOGUE,FOURIER THEORY AND COMMUNICATION SIGNALS,AMPLITUDE MODULATION, PHASE PHASE AND FREQUENCY MODULATION | ||
| 700 | _aMoher,Michael | ||
| 942 |
_2ddc _cBK |
||
| 999 |
_c5400 _d5400 |
||